000
00321nam a2200133Ia 4500
008
210716s1991 xx 000 0 und d
041
_a
eng
082
_a
003.57 HOLM
100
_a
Holtz,Matthew.
245
_a
Mastering ventura 3.0.
250
_a
3
260
_a
New Delhi
_b
BPB Publications
_c
1991
300
_a
xxxv,632
999
_c
182110
_d
182110